000 00763nam a2200205 i 4500
001 125372
003 ES-MaACL
005 20230906192620.0
007 t|
008 070606s1895 cl ||||1| spa d
100 1 _aSalazar, A. E.
_9101796
245 1 0 _aEstudios ijiéniqos del aire /
_cA. E. Salazar i Q. Newman.
260 _aSantiago de Chile :
_b[s.n.],
_c1895 (
_fImpr. Zerbántes)
300 _a20 p. ;
_c27 cm.
500 _aEn port.: Tomado de las Actes de la Société Scientifique du Chili, Tomo IV (1894) 5ème. livraison.
500 _aSe ha respetado la ortografía original.
650 4 _aHigiene ambiental.
_9157011
700 1 _aNewmam, Q.
_985487
852 _aES-MaACL
_jT-834-F-7
_z.- Enc. en un vol. facticio conservando la enc. original
999 _c125372
_d125372